Aattuvanchi/ (Record no. 137892)

000 -LEADER
fixed length control field 00410nam a22001577a 4500
020 ## - INTERNATIONAL STANDARD BOOK NUMBER
International Standard Book Number 9789380884981
082 ## - DEWEY DECIMAL CLASSIFICATION NUMBER
Classification number M803
Item number FRA/A
100 ## - MAIN ENTRY--PERSONAL NAME
Personal name Francis Alapatt
9 (RLIN) 54981
245 ## - TITLE STATEMENT
Title Aattuvanchi/
Statement of responsibility, etc. by Francis Alapatt
260 ## - PUBLICATION, DISTRIBUTION, ETC.
Place of publication, distribution, etc. Thrissur:
Name of publisher, distributor, etc. Green Books,
Date of publication, distribution, etc. 2012.
300 ## - PHYSICAL DESCRIPTION
Extent 103p.
650 ## - SUBJECT ADDED ENTRY--TOPICAL TERM
Topical term or geographic name entry element Memoirs Malayalam
9 (RLIN) 54982
650 ## - SUBJECT ADDED ENTRY--TOPICAL TERM
Topical term or geographic name entry element Literature Malayalam
9 (RLIN) 54983
650 ## - SUBJECT ADDED ENTRY--TOPICAL TERM
Topical term or geographic name entry element Literature
9 (RLIN) 54984
942 ## - ADDED ENTRY ELEMENTS (KOHA)
Koha item type Book
Holdings
Withdrawn status Lost status Damaged status Not for loan Permanent Location Current Location Shelving location Date acquired Cost, normal purchase price Total Checkouts Full call number Barcode Date last seen Price effective from Koha item type
        Sree Sankaracharya University of Sanskrit Sree Sankaracharya University of Sanskrit Stacks 02.07.2018 200.00   M803 FRA/A 090564 02.07.2018 02.07.2018 Book